1668 1794 1021 1238 1119 1980 1953 1993 1228 1828 1444 1502 1035 1676 1163 1525 1839 1865 1974 1290 1767 1476 1854 1028 1838 1433 1834 1052 1049 1865 1541 1043 1708 1238 1010 1775 1797 1496 1718 1733 1380 1837 1100 1083 1617 1361 1337 1536 1313 1726 1302 1100 1750 1750 1121 1022 1647 1717 1749 1897 1748 1522 1663 1129 1832 1300 1355 1233 1998 1573 1465 1621 1455 1859 1137 1569 1012 1972 1148 1653 1956 1113 1353 1416 1329 1470 1585 1906 1429 1244 1519 1453 1904 1208 1525 1031 1814 1791 1491 BCNSPRNW ULIB Ver.6.0+V

เปลี่ยนเป็นภาษาไทย

Change to English
 แสดงรายละเอียดบรรณานุกรม
  กลับหน้าหลัก

Brief Record : Get Marc (ISO 2709) : E-mail record : QR code < ปิดหน้าต่าง
LEADER : 00000nam 2200000uu 4500
001    13399122856
003     ULIB
008    131022s2555||||th 000 0 tha d
020    ^a9789742473730
050  4 ^aDS520^bป533ร
100    ^aปัทมาพร คำโท
245    ^aเราคืออาเซียน-- อินโดนีเซีย /^cปัทมาพร คำโท
250    ^aพิมพ์ครั้งที่ 4
260    ^aกรุงเทพฯ :^bอมรินทร์คอมมิกส์,^c2555
300    ^a60 หน้า
440  0 ^aชุด เราคืออาเซียน
650  7 ^aอินโดนีเซีย
650  7 ^aประชาคมอาเซียน
650  7 ^aอาเซียน
945    ^p75^l0^i034077
999    ^aทศพร
รายการนี้ยังไม่มีแท็ก
คุณยังไม่ได้ล็อกอิน คุณสามารถมีกิจกรรมร่วมกับเว็บไซต์ได้ แต่ต้องล็อกอินก่อน ::
  ล็อกอิน

รายการสื่อสารสนเทศ

ลำดับที่ ประเภท เลขเรียก/บาร์โค้ด สถานที่ สถานะ
1. การศึกษาทั่วไป
หนังสือสำรอง
สถานะ=หนังสือสำรอง
DS520 ป533ร ฉ.1 
  Barcode: 034077
ห้องสมุดวิทยาเขตสวรรค์ประชารักษ์
►หนังสือทั่วไป
บนชั้น

รายการใกล้เคียง
    ผู้แต่ง [ปัทมาพร คำโท]

    หัวเรื่อง [อินโดนีเซีย]
    หัวเรื่อง [ประชาคมอาเซียน]
    หัวเรื่อง [อาเซียน]

BibComment


ยังไม่เคยถูกคอมเมนท์

คอมเมนท์ทรัพยากรรายการนี้
  คอมเมนท์: เราคืออาเซียน อิ..


 Copyright 2026. Bcnsprnw @Library